Reforma procesal laboral: impacto, retos y acciones prioritarias (Registro nro. 9589)
[ vista simple ]
| 000 -Cabecera | |
|---|---|
| Campo de control de longitud fija | 00855ntm a22003257a 4500 |
| 005 - Fecha y hora de la última transacción | |
| Campo de control | 20250129164052.0 |
| 008 - Elementos de longitud fija--Información general | |
| Campo de control de longitud fija | 170621b2017 xxu||||| |||| 00| 0 spa d |
| 020 ## - International Standard Book Number | |
| Número Internacional Estándar del Libro (ISBN) | 9789968491303 |
| 041 ## - Idioma | |
| Código de idioma | Español |
| 082 ## - Clasificación Decimal Dewey | |
| Número de clasificación | 344.01 R437r |
| 100 ## - Entrada principal--Autor personal | |
| Nombre personal | Retana Acevedo, Ana Lidia |
| 245 ## - Título propiamente dicho | |
| Título | Reforma procesal laboral: impacto, retos y acciones prioritarias |
| 260 ## - Pie de imprenta | |
| Lugar de publicación, distribución, etc. | Costa Rica |
| 260 ## - Pie de imprenta | |
| Nombre del editor, distribuidor, etc. | A. Retana.A |
| 260 ## - Pie de imprenta | |
| Fecha de publicación, distribución, etc. | 2017 |
| 300 ## - Descripción física | |
| Extensión | 166 páginas |
| 650 ## - Materia general | |
| Temática (materia general) | COSTA RICA |
| 650 ## - Materia general | |
| Temática (materia general) | DERECHO LABORAL |
| 650 ## - Materia general | |
| Temática (materia general) | RECURSOS HUMANOS |
| 650 ## - Materia general | |
| Temática (materia general) | CÓDIGO DE TRABAJO |
| 650 ## - Materia general | |
| Temática (materia general) | REFORMAS |
| 650 ## - Materia general | |
| Temática (materia general) | LEY 9343 |
| 650 ## - Materia general | |
| Temática (materia general) | TALENTO HUMANO |
| 650 ## - Materia general | |
| Temática (materia general) | SELECCIÓN DE PERSONAL |
| 650 ## - Materia general | |
| Temática (materia general) | PROGRAMA DE INDUCCIÓN |
| 650 ## - Materia general | |
| Temática (materia general) | CAPACITACIÓN |
| 650 ## - Materia general | |
| Temática (materia general) | COMPENSACIONES |
| 650 ## - Materia general | |
| Temática (materia general) | CONTRATACIÓN DE PERSONAL |
| 942 ## - Punto de acceso adicional KOHA | |
| Tipo de ítem KOHA | Libro |
| Fuente del sistema de clasificación o colocación | Dewey Decimal Classification |
| Signatura completa | Código de barras | Tipo de ítem |
|---|---|---|
| 344.01 R437r | 22223 | Libro |
| 344.01 R437r | 22224 | Libro |
| 344.01 R437r | 22225 | Libro |
| 344.01 R437r | 22226 | Libro |
| 344.01 R437r | 22227 | Libro |
| 344.01 R437r | 22228 | Libro |
| 344.01 R437r | 22229 | Libro |
| 344.01 R437r | 22230 | Libro |
| 344.01 R437r | 22231 | Libro |
| 344.01 R437r | 22232 | Libro |
| 344.01 R437r | 22233 | Libro |
| 344.01 R437r | 22234 | Libro |
| 344.01 R437r | 22235 | Libro |
| 344.01 R437r | 22236 | Libro |
| 344.01 R437r | 22237 | Libro |
| 344.01 R437r | 22238 | Libro |
| 344.01 R437r | 22239 | Libro |
| 344.01 R437r | 22240 | Libro |
| 344.01 R437r | 22241 | Libro |
| 344.01 R437r | 22242 | Libro |